Blues fell this morning : Meaning in the blues

This is a new, thoroughly revised edition of Paul Oliver's classic study of the blues. First published in 1960, this remarkable book has not been superseded and its reappearance will be welcomed by all who wish to understand the complexity of meaning in the blues and the experiences which they...

全面介绍

Đã lưu trong:
书目详细资料
主要作者: Oliver, Paul
格式: 图书
语言:Undetermined
出版: Cambridge [England],New York Cambridge University Press 1990
主题:
标签: 添加标签
没有标签, 成为第一个标记此记录!
Thư viện lưu trữ: Trung tâm Học liệu Trường Đại học Cần Thơ
LEADER 01506nam a2200229Ia 4500
001 CTU_167047
008 210402s9999 xx 000 0 und d
020 |c 45 
082 |a 781.643 
082 |b O.48 
100 |a Oliver, Paul 
245 0 |a Blues fell this morning : 
245 0 |b Meaning in the blues 
245 0 |c Paul Oliver ; with a forword by Richard Wright 
260 |a Cambridge [England],New York 
260 |b Cambridge University Press 
260 |c 1990 
520 |a This is a new, thoroughly revised edition of Paul Oliver's classic study of the blues. First published in 1960, this remarkable book has not been superseded and its reappearance will be welcomed by all who wish to understand the complexity of meaning in the blues and the experiences which they expressed. The book examines the functions of the blues as black American folk music recorded during the 78 rpm era, from the 1920s to the 1950s. The lyrics are quoted extensively throughout the book, revealing their significance as a means of communication within black society. The author shows how the themes of labour and unemployment, migration and the Depression years, love, sex, and marriage, crime, violence and imprisonment, disasters, sickness, war and death are expressed in black idioms and he discusses their meaning on many levels. 
650 |a Điệu Blu (Âm nhạc),Blues (Music) 
650 |x History and criticism 
904 |i Trúc 
980 |a Trung tâm Học liệu Trường Đại học Cần Thơ